| 000 | 01183nam a2200313 i 4500 | ||
|---|---|---|---|
| 001 | 000030348 | ||
| 003 | DO-SdBNP | ||
| 005 | 20251212092949.0 | ||
| 007 | ta | ||
| 008 | 110510s2000 dr 000 0 spa d | ||
| 040 |
_aDO-SdBNP _bspa _cBNPHU _erda |
||
| 041 | _aspa | ||
| 049 | _aBNPD | ||
| 082 | 4 |
_a343.72930402632 _bR426r _22000. |
|
| 110 | 1 |
_aRepública Dominicana. _911088 |
|
| 240 | 1 | 1 | _a[Código tributario] |
| 245 | 1 | 0 |
_aRecopilación impositiva / _cpreparado bajo la supervisión, Remberto Díaz N. |
| 250 | _aTercera edición | ||
| 264 | 1 |
_aSanto Domingo : _bImpresora Metropolitana, _c2000. |
|
| 300 |
_avi, 507 páginas ; _c23 cm. |
||
| 336 |
_atexto _btxt _2rdacontent |
||
| 337 |
_asin mediación _bn _2rdamedia |
||
| 338 |
_avolumen _bnc _2rdacarrier |
||
| 505 | 0 |
_aLey 11-92 -- _tCódigo tributario -- _tImpuesto sobre la renta -- _tReglamentos 139-98 y 140-98 -- _tITBIS -- _tImpuesto selectivo al consumo -- _tInstructivos y anexos -- _tpreguntas que hacen los contribuyentes. |
|
| 590 | _aInventariado, 2025/BT | ||
| 650 | 7 |
_aImpuestos _xLey y legislación _zRepública Dominicana. _2LEMB _988856 |
|
| 700 | 1 |
_aDíaz Núñez, Remberto _914514 |
|
| 942 |
_2ddc _cLBS1 |
||
| 999 |
_c29840 _d29840 |
||